Detalles MARC
| 000 -CABECERA |
| campo de control de longitud fija |
01890nam a2200337 a 4500 |
| 001 - NÚMERO DE CONTROL |
| campo de control |
000045145 |
| 003 - IDENTIFICADOR DEL NÚMERO DE CONTROL |
| campo de control |
DO-SdBPM |
| 005 - FECHA Y HORA DE LA ÚLTIMA TRANSACCIÓN |
| campo de control |
20251114095009.0 |
| 007 - CAMPO FIJO DE DESCRIPCIÓN FÍSICA--INFORMACIÓN GENERAL |
| campo de control de longitud fija |
ta |
| 008 - DATOS DE LONGITUD FIJA--INFORMACIÓN GENERAL |
| campo de control de longitud fija |
150205s2014 dr ac 000 0 spa d |
| 040 ## - FUENTE DE LA CATALOGACIÓN |
| Centro catalogador/agencia de origen |
DO-SdBPM |
| Lengua de catalogación |
spa |
| Centro/agencia transcriptor |
BPMSU |
| Centro/agencia modificador |
rda |
| 082 #4 - NÚMERO DE LA CLASIFICACIÓN DECIMAL DEWEY |
| Número de clasificación |
002.074 |
| Número de documento/Ítem |
F356a 2014 |
| Número de edición |
22 |
| 111 2# - ENTRADA PRINCIPAL--NOMBRE DE CONGRESO/REUNIÓN |
| Nombre de congreso/reunión o jurisdicción como elemento de entrada |
Feria Internacional del Libro |
| Número del congreso/reunión o número de parte o sección |
(17ª : |
| Fecha del congreso/reunión |
2014 : 24 de abril al 5 de mayo |
| Sede del congreso/Lugar de la reunión |
Santo Domingo, República Dominicana) |
| 245 10 - MENCIÓN DE TÍTULO |
| Título |
Atlas Ferial : |
| Resto del título |
el quién es quién de la FIL Santo Domingo, 2014 / |
| Mención de responsabilidad, etc. |
editora Romina Bayo ; colaboradores Valentín Amaro, Basilio Belliard |
| 246 13 - FORMA VARIANTE DE TÍTULO |
| Título propio/Titulo breve |
Feria Internacional del Libro Santo Domingo : |
| Resto del título |
Atlas ferial |
| 260 ## - PUBLICACIÓN, DISTRIBUCIÓN, ETC. |
| Nombre del editor, distribuidor, etc. |
|
| 264 ## - PRODUCCIÓN, PUBLICACIÓN, DISTRIBUCIÓN, FABRICACIÓN Y COPYRIGHT |
| Producción, publicación, distribución, fabricación y copyright |
Santo Domingo : |
| Nombre del de productor, editor, distribuidor, fabricante |
Editora Ferilibro, |
| Fecha de producción, publicación, distribución, fabricación o copyright |
2014 |
| 300 ## - DESCRIPCIÓN FÍSICA |
| Extensión |
[163] páginas : |
| Otras características físicas |
ilustraciones, fotografías; |
| Dimensiones |
21 cm. |
| 336 ## - TIPO DE CONTENIDO |
| Término de tipo de contenido |
texto |
| Código de tipo de contenido |
txt |
| Fuente |
rdacontent |
| 337 ## - TIPO DE MEDIO |
| Nombre/término del tipo de medio |
sin mediación |
| Código del tipo de medio |
n |
| Fuente |
rdamedia |
| 338 ## - TIPO DE SOPORTE |
| Nombre/término del tipo de soporte |
volumen |
| Código del tipo de soporte |
nc |
| Fuente |
rdacarrier |
| 500 ## - NOTA GENERAL |
| Nota general |
País invitado de honor: Panamá, dedicada al poeta nacional Domingo Moreno Jimenes |
| 505 0# - NOTA DE CONTENIDO CON FORMATO |
| Nota de contenido con formato |
24 de abril - Inicia el recorrido.-- 25 de abril - Día de Lusitania Martínez.-- 26 de abril - Día de Frank Báez.-- 27 de abril - Día de Carlos Esteban Deive.-- 28 de abril - Tomás Castro Burdiez.-- 29 de abril - José Miguel Soto Jiménez.-- 30 de abril - Día de Tony Raful.-- 1 de mayo - Día de Miguel De Camps.-- 2 de mayo - Día de Eleonor Grimaldi.-- 3 de mayo - Día de Enegildo Peña.-- 4 de mayo - Día de Medar Serrata.-- 5 de mayo - Día de José Dunker.-- El quién es quién de la FIL 2014. |
| 590 ## - NOTA LOCAL (RLIN) |
| Nota local |
Inventariado, 2025/VM |
| 650 #7 - PUNTO DE ACCESO ADICIONAL DE MATERIA--TÉRMINO DE MATERIA |
| Término de materia o nombre geográfico como elemento de entrada |
Industria del libro |
| Subdivisión geográfica |
República Dominicana |
| Subdivisión general |
Compendio |
| 650 #7 - PUNTO DE ACCESO ADICIONAL DE MATERIA--TÉRMINO DE MATERIA |
| Término de materia o nombre geográfico como elemento de entrada |
Feria del libro |
| Subdivisión geográfica |
República Dominicana |
| Subdivisión cronológica |
2014 |
| Subdivisión de forma |
|
| 650 #7 - PUNTO DE ACCESO ADICIONAL DE MATERIA--TÉRMINO DE MATERIA |
| Término de materia o nombre geográfico como elemento de entrada |
Libros |
| Subdivisión geográfica |
República Dominicana |
| Subdivisión de forma |
Exposiciones |
| 700 1# - PUNTO DE ACCESO ADICIONAL--NOMBRE DE PERSONA |
| Nombre de persona |
Bayo, Romina |
| Término indicativo de función/relación |
editora |
| 910 ## - DATOS DE OPCIÓN DEL USUARIO (OCLC) |
| Datos de opción del usuario |
VMateo V. Control de calidad. BPMSU |
| 942 ## - ELEMENTOS DE PUNTO DE ACCESO ADICIONAL (KOHA) |
| Fuente del sistema de clasificación o colocación |
Dewey Decimal Classification |
| Tipo de ítem Koha |
Libros |